Hướng dẫn đồ án môn học công nghệ chế tạo máy

Kaydedildi:
Detaylı Bibliyografya
Yazar:  Lê, Trung Thực
Materyal Türü: Sách
Dil:Undetermined
Baskı/Yayın Bilgisi:  Đại học Quốc gia TP. Hồ Chí Minh  2012
Konular:
Etiketler: Etiketle
Etiket eklenmemiş, İlk siz ekleyin!
Thư viện lưu trữ: Trung tâm Thư viện - Trường Đại học Công nghiệp TP. Hồ Chí Minh
LEADER 00571nam a2200157Ia 4500
001 UIH_03058
008 231011s9999 xx 000 0 und d
082 |a  621.815 
100 |a  Lê, Trung Thực 
245 0 |a  Hướng dẫn đồ án môn học công nghệ chế tạo máy 
245 0 |c  Lê, Trung Thực 
260 |b  Đại học Quốc gia TP. Hồ Chí Minh 
260 |c  2012 
650 |a  Thiết kế máy;  
927 |a Sách 
980 |a Trung tâm Thư viện - Trường Đại học Công nghiệp TP. Hồ Chí Minh